[Event "CCSCSL Inv IM 2014"]
[Site "Saint Louis USA"]
[Date "2014.05.28"]
[Round "1.1"]
[White "Ni,V"]
[Black "Vibbert,Sean"]
[Result "1-0"]
[WhiteTitle "WIM"]
[BlackTitle "FM"]
[WhiteElo "2206"]
[BlackElo "2316"]
[WhiteFideId "11602252"]
[BlackFideId "2030292"]
[EventDate "2014.05.28"]

1. Nf3 Nf6 2. g3 b5 3. Bg2 Bb7 4. b3 e6 5. Bb2 Be7 6. c4 bxc4 7. bxc4 Na6 8. O-O
Rb8 9. Bc3 O-O 10. d3 d6 11. e4 Nc5 12. Ne1 Nfd7 13. Nd2 f5 14. exf5 exf5 15. d4
Ne4 16. Nxe4 fxe4 17. Qc2 d5 18. f3 Nb6 19. fxe4 Nxc4 20. Qe2 Rxf1+ 21. Bxf1 Nd6
22. e5 Ne4 23. Ba5 Qf8 24. Rb1 Bc5 25. Nc2 Bb6 26. Bxb6 cxb6 27. Rb3 Ba6 28.
Qxa6 Qf2+ 29. Kh1 Rf8 30. Ne3 Nd2 31. Qe2 Nxb3 32. axb3 Qf3+ 33. Kg1 a5 34. Qxf3
Rxf3 35. Nxd5 Rxb3 36. Bc4 Rb1+ 37. Kf2 Kf8 38. e6 Rb2+ 39. Ke3 b5 40. e7+ Kf7
41. Bxb5 Rxb5 42. e8=Q+ Kxe8 43. Nc7+ Kd7 44. Nxb5 Kc6 45. Nc3 1-0

[Event "CCSCSL Inv IM 2014"]
[Site "Saint Louis USA"]
[Date "2014.05.28"]
[Round "1.2"]
[White "Homa,S"]
[Black "Young,An"]
[Result "1/2-1/2"]
[WhiteTitle "FM"]
[BlackTitle "IM"]
[WhiteElo "2331"]
[BlackElo "2335"]
[WhiteFideId "2031779"]
[BlackFideId "5200490"]
[EventDate "2014.05.28"]

1. d4 Nf6 2. c4 g6 3. Nc3 Bg7 4. e4 O-O 5. Be3 c6 6. e5 Ne8 7. f4 d6 8. Nf3 f6
9. exd6 Nxd6 10. c5 Nf5 11. Bc4+ Kh8 12. Bf2 Qc7 13. O-O b5 14. Bb3 b4 15. Ne2
Rd8 16. Re1 Nd7 17. Qc2 Nf8 18. Qe4 e6 19. h3 a5 20. Ba4 Ne7 21. Bg3 Qd7 22. a3
bxa3 23. Rxa3 Rb8 24. b3 Nd5 25. Qc2 Rb4 26. Nc1 Ba6 27. Nd3 Bxd3 28. Qxd3 Nc7
29. Bf2 Qd5 30. Qc2 Bh6 31. Be3 Qd7 32. Bd2 Nd5 33. Bxb4 axb4 34. Raa1 Bxf4 35.
Qd3 g5 36. Qe4 h5 37. Rf1 g4 38. Ne1 f5 39. Qd3 Bb8 40. hxg4 hxg4 41. g3 Nh7 42.
Ra2 Ng5 43. Rh2+ Nh3+ 44. Kg2 Kg7 45. Rxh3 gxh3+ 46. Kxh3 f4 47. Qf3 e5+ 48. Kh2
Ne3 49. Rh1 Rh8+ 50. Kg1 Rxh1+ 51. Kxh1 e4 52. Qf2 Ng4 53. Qd2 Qd5 54. gxf4 Kf6
55. Kg1 Kf5 56. Ng2 Kf6 57. Ne3 Nxe3 58. Qxe3 Kf5 59. Qh3+ Kg6 60. Qe3 Kf5 61.
Qh3+ Kg6 62. Qe3 Kf5 1/2-1/2

[Event "CCSCSL Inv IM 2014"]
[Site "Saint Louis USA"]
[Date "2014.05.28"]
[Round "1.3"]
[White "Eckert,D"]
[Black "Bregadze,L"]
[Result "1/2-1/2"]
[WhiteTitle "FM"]
[BlackTitle "IM"]
[WhiteElo "2255"]
[BlackElo "2428"]
[WhiteFideId "2001993"]
[BlackFideId "13603264"]
[EventDate "2014.05.28"]

1. c4 Nf6 2. g3 g6 3. Bg2 Bg7 4. Nc3 d6 5. e4 c5 6. Nge2 Nc6 7. O-O h5 8. h4 O-O
9. d3 Rb8 10. f3 a6 11. a4 Ne8 12. Be3 Nd4 13. Rb1 Bd7 14. b4 b6 15. Bg5 Nxe2+
16. Nxe2 cxb4 17. Rxb4 b5 18. axb5 axb5 19. cxb5 Nc7 20. Qb3 Rxb5 21. Rc1 Rxb4
22. Qxb4 Ne6 23. Be3 Qb8 24. Rb1 Qa8 25. d4 Rc8 26. Bf1 Kh7 27. Qb7 Qa3 28. Rb3
Qa4 29. Rb4 Qa3 30. Rb3 Rc7 31. Rxa3 Rxb7 32. d5 Nc5 33. Nd4 Rb1 34. Kf2 Rb2+
35. Be2 Ba4 36. Ke1 Be5 37. f4 Nxe4 38. Rxa4 Rb1+ 39. Bd1 Nc3 40. Kd2 Nxa4 41.
fxe5 Nb6 42. Bc2 Rh1 43. exd6 Nc4+ 44. Kd3 Nxd6 45. Bf4 Rg1 46. Nf3 Ra1 47. Bxd6
exd6 48. Ng5+ Kg7 49. Ne4 Ra6 50. Bb3 Kf8 51. Kd4 Ke7 52. Ng5 Ra1 53. Ke4 Ra3
54. Bd1 Rxg3 55. Nf3 Rg4+ 56. Ke3 f5 57. Be2 Kf6 58. Bb5 Rb4 59. Bd7 Rb7 60. Be6
Rb2 61. Kd3 Rg2 62. Ke3 Rg4 63. Kf2 Ke7 64. Bc8 Kd8 65. Be6 Kc7 66. Bf7 Kb6 67.
Ke3 Kc5 68. Be6 Kc4 69. Nd2+ Kc3 70. Nf3 Ra4 71. Bf7 f4+ 72. Kf2 Ra2+ 73. Kg1
Kd3 74. Bxg6+ Ke3 75. Bxh5 Ra5 76. Bg4 Rxd5 1/2-1/2

[Event "CCSCSL Inv IM 2014"]
[Site "Saint Louis USA"]
[Date "2014.05.28"]
[Round "1.5"]
[White "Sharma,Arun1"]
[Black "Aripov,I"]
[Result "1-0"]
[WhiteElo "2383"]
[BlackElo "2231"]
[WhiteFideId "2008998"]
[BlackFideId "14202395"]
[EventDate "2014.05.28"]

1. d4 d5 2. c4 c6 3. Nf3 Nf6 4. Nc3 e6 5. Bg5 dxc4 6. e4 b5 7. e5 h6 8. Bh4 g5
9. Nxg5 hxg5 10. Bxg5 Nbd7 11. exf6 Qa5 12. a4 b4 13. Ne4 Ba6 14. Be2 O-O-O 15.
O-O Nc5 16. Nxc5 Bxc5 17. Be3 Bxd4 18. Bxd4 c5 19. Qc2 Rxd4 20. Rfd1 Qd8 21.
Rxd4 Qxd4 22. Rd1 Qf4 23. g3 Qxf6 24. Bxc4 Bb7 25. Ba6 Rh5 26. Qe2 Rd5 27. Bxb7+
Kxb7 28. Qb5+ Kc7 29. Rxd5 exd5 30. Qxc5+ Qc6 31. Qxc6+ Kxc6 32. h4 1-0

[Event "CCSCSL Inv IM 2014"]
[Site "Saint Louis USA"]
[Date "2014.05.28"]
[Round "2.1"]
[White "Vibbert,Sean"]
[Black "Aripov,I"]
[Result "1-0"]
[WhiteTitle "FM"]
[WhiteElo "2316"]
[BlackElo "2231"]
[WhiteFideId "2030292"]
[BlackFideId "14202395"]
[EventDate "2014.05.28"]

1. Nf3 c5 2. c4 Nc6 3. g3 g6 4. Bg2 Bg7 5. O-O e5 6. Nc3 Nge7 7. d3 O-O 8. Bd2
d6 9. Qc1 Rb8 10. Bh6 a6 11. Bxg7 Kxg7 12. Nh4 b5 13. f4 b4 14. Ne4 Nd4 15. Rf2
f5 16. Ng5 h6 17. Ngf3 Nec6 18. e3 Ne6 19. Bh3 Bd7 20. Qf1 Ng5 21. fxg5 hxg5 22.
e4 gxh4 23. Nxh4 f4 24. gxf4 Bxh3 25. Qxh3 exf4 26. Rg2 Ne7 27. Nf5+ Nxf5 28.
exf5 g5 29. Qg4 Rg8 30. h4 Qe7 31. Qxf4 g4 32. Rf1 Qxh4 33. Qxd6 Qf6 34. Rxg4+
Kf7 35. Qd5+ 1-0

[Event "CCSCSL Inv IM 2014"]
[Site "Saint Louis USA"]
[Date "2014.05.28"]
[Round "2.2"]
[White "Burnett,R"]
[Black "Sharma,Arun1"]
[Result "1-0"]
[WhiteTitle "IM"]
[WhiteElo "2344"]
[BlackElo "2383"]
[WhiteFideId "2002159"]
[BlackFideId "2008998"]
[EventDate "2014.05.28"]

1. c4 g6 2. Nc3 c5 3. Nf3 Bg7 4. d4 cxd4 5. Nxd4 Nc6 6. Nb3 Nf6 7. e4 O-O 8. Be2
b6 9. Bg5 Bb7 10. Rc1 Rc8 11. O-O d6 12. f3 Nd7 13. Qd2 Nc5 14. Nd5 Re8 15. Rfe1
Qd7 16. Be3 Rcd8 17. Na1 Ne6 18. b4 Nf8 19. Nb3 f5 20. exf5 gxf5 21. Bd3 e6 22.
Nf4 Qf7 23. a3 Ne5 24. Be2 Nfg6 25. Nd4 Nxf4 26. Bxf4 d5 27. c5 Nc4 28. Bxc4
dxc4 29. Be5 bxc5 30. bxc5 Bd5 31. Qf4 Bf8 32. Bd6 Bg7 33. Nb5 Rd7 34. Be5 Bxe5
35. Rxe5 Qe7 36. Nd6 Rxd6 37. cxd6 Qxd6 38. h4 Qe7 39. Rce1 Qf7 40. Kh2 Rc8 41.
g4 c3 42. gxf5 c2 43. Rg1+ Kf8 44. Qh6+ Ke7 45. Rge1 Kd6 46. Rxd5+ Kxd5 47. Qd2+
Kc6 48. Qxc2+ Kb7 49. Rb1+ 1-0

[Event "CCSCSL Inv IM 2014"]
[Site "Saint Louis USA"]
[Date "2014.05.28"]
[Round "2.4"]
[White "Young,An"]
[Black "Eckert,D"]
[Result "1/2-1/2"]
[WhiteTitle "IM"]
[BlackTitle "FM"]
[WhiteElo "2335"]
[BlackElo "2255"]
[WhiteFideId "5200490"]
[BlackFideId "2001993"]
[EventDate "2014.05.28"]

1. e4 e5 2. Nf3 Nf6 3. Nc3 Nc6 4. Be2 d5 5. exd5 Nxd5 6. d3 Be7 7. O-O O-O 8.
Bd2 h6 9. Re1 Re8 10. Bf1 Bf8 11. h3 Bf5 12. a3 Nxc3 13. Bxc3 Qd5 14. g4 Bh7 15.
Bg2 Qd6 16. Nd2 f6 17. b4 Rad8 18. Qf3 Rb8 19. Nc4 Qd8 20. b5 Ne7 21. Bb4 Ng6
22. Qd5+ Kh8 23. Qxd8 Rexd8 1/2-1/2

[Event "CCSCSL Inv IM 2014"]
[Site "Saint Louis USA"]
[Date "2014.05.28"]
[Round "2.5"]
[White "Ni,V"]
[Black "Homa,S"]
[Result "0-1"]
[WhiteTitle "WIM"]
[BlackTitle "FM"]
[WhiteElo "2206"]
[BlackElo "2331"]
[WhiteFideId "11602252"]
[BlackFideId "2031779"]
[EventDate "2014.05.28"]

1. Nf3 c5 2. c4 Nc6 3. g3 g6 4. Bg2 Bg7 5. O-O d6 6. Nc3 Bf5 7. Nh4 Bg4 8. h3
Bd7 9. d3 a6 10. f4 e6 11. e4 Nge7 12. Be3 Nd4 13. Ne2 Nec6 14. Nf3 O-O 15.
Nexd4 Nxd4 16. Nxd4 cxd4 17. Bd2 Bc6 18. b4 b5 19. Qb3 Qd7 20. Rac1 Rfe8 21. c5
dxc5 22. Rxc5 Rac8 23. Rfc1 e5 24. Rf1 Bb7 25. Rcc1 exf4 26. gxf4 Bh6 27. Kh2
Rc7 28. Bf3 Kh8 29. Qb2 Rxc1 30. Qxc1 f5 31. e5 Bxf3 32. Rxf3 Rc8 33. Qb2 Qd5
34. Rf1 Bf8 35. h4 Be7 36. Be1 Kg7 37. Bg3 Rc3 38. Bf2 Rxd3 39. Rc1 Qf3 0-1

[Event "CCSCSL Inv IM 2014"]
[Site "Saint Louis USA"]
[Date "2014.05.29"]
[Round "3.1"]
[White "Homa,S"]
[Black "Vibbert,Sean"]
[Result "1/2-1/2"]
[WhiteTitle "FM"]
[BlackTitle "FM"]
[WhiteElo "2331"]
[BlackElo "2316"]
[WhiteFideId "2031779"]
[BlackFideId "2030292"]
[EventDate "2014.05.28"]

1. e4 c5 2. Nc3 e6 3. Nf3 Nc6 4. d4 cxd4 5. Nxd4 Qc7 6. f4 a6 7. Nxc6 Qxc6 8.
Bd3 b5 9. Qe2 Bb7 10. Bd2 Nf6 11. a3 b4 12. axb4 Bxb4 13. e5 Nd5 14. Nxd5 Bxd2+
15. Qxd2 Qxd5 16. O-O O-O 17. Kh1 f5 18. Ra5 Qc6 19. Rd1 Rfc8 20. Qf2 Qc7 21.
Rda1 Bc6 22. Rxa6 Rxa6 23. Rxa6 Qb7 24. b3 Qb4 25. h3 Qc3 26. Kh2 Kh8 27. h4 h6
28. Qe3 Rg8 29. Rb6 g5 30. hxg5 hxg5 31. fxg5 Kg7 32. b4 Qa1 33. Rxc6 dxc6 34.
Qc5 Rh8+ 35. Kg3 Qe1+ 36. Kf3 Qd1+ 37. Be2 Qd5+ 38. Qxd5 cxd5 39. Kf4 Rh4+ 40.
g4 Rh2 41. Bd3 Rh4 42. Be2 Rh2 1/2-1/2

[Event "CCSCSL Inv IM 2014"]
[Site "Saint Louis USA"]
[Date "2014.05.29"]
[Round "3.2"]
[White "Eckert,D"]
[Black "Ni,V"]
[Result "1/2-1/2"]
[WhiteTitle "FM"]
[BlackTitle "WIM"]
[WhiteElo "2255"]
[BlackElo "2206"]
[WhiteFideId "2001993"]
[BlackFideId "11602252"]
[EventDate "2014.05.28"]

1. Nf3 c5 2. c4 Nc6 3. g3 g6 4. Bg2 Bg7 5. Nc3 Nf6 6. O-O O-O 7. d4 cxd4 8. Nxd4
Qb6 9. Nb3 d6 10. Bg5 Be6 11. Nd5 Bxd5 12. cxd5 Ne5 13. Be3 Qa6 14. Bd4 Rac8 15.
Re1 Nc4 16. e4 e5 17. Bc3 b5 18. a4 b4 19. Bxb4 Nxb2 20. Qe2 Qb6 21. Qb5 Nd3 22.
Qxb6 axb6 23. Bxd6 Nxe1 24. Rxe1 Rc4 25. a5 Rd8 26. Bxe5 Re8 27. Bxf6 Bxf6 28.
axb6 Rb4 29. Na5 Rb5 30. Nc6 Rxd5 31. Rb1 Rc5 32. e5 Bd8 33. b7 Bc7 34. b8=Q
Bxb8 35. Nxb8 Rcxe5 36. Kf1 Kg7 37. Nc6 Rc5 38. f4 Rc8 39. Ne5 Rc1+ 40. Rxc1
Rxc1+ 41. Kf2 Rc2+ 42. Kf3 Rc3+ 43. Ke2 Rc2+ 44. Kf3 Rc3+ 45. Ke2 Rc2+ 46. Kf3 1/2-1/2

[Event "CCSCSL Inv IM 2014"]
[Site "Saint Louis USA"]
[Date "2014.05.29"]
[Round "3.4"]
[White "Sharma,Arun1"]
[Black "Bregadze,L"]
[Result "0-1"]
[BlackTitle "IM"]
[WhiteElo "2383"]
[BlackElo "2428"]
[WhiteFideId "2008998"]
[BlackFideId "13603264"]
[EventDate "2014.05.28"]

1. d4 Nf6 2. c4 e6 3. Nc3 c5 4. d5 exd5 5. cxd5 d6 6. e4 g6 7. h3 Bg7 8. Bd3 O-O
9. Nf3 a6 10. a4 Nbd7 11. Bf4 Qe7 12. O-O Nh5 13. Bh2 Ne5 14. Be2 Nxf3+ 15. Bxf3
Nf6 16. e5 Ne8 17. exd6 Nxd6 18. Re1 Qd8 19. Bxd6 Qxd6 20. Ne4 Qb6 21. Re2 Bd7
22. Rc1 Rac8 23. b3 Rfe8 24. Rc4 h6 25. g4 f5 26. Ng3 Rxe2 27. Nxe2 Qd6 28. Qd2
b5 29. axb5 axb5 30. Rc1 Rf8 31. g5 hxg5 32. Qxg5 Be5 33. Qe3 Rc8 34. Bg2 Re8
35. Qxc5 Qf6 36. Qa7 Re7 37. Qa8+ Kg7 38. f4 Bd6 39. Qa2 g5 40. Qd2 Kg8 41. Rf1
g4 42. Qc3 Qxc3 43. Nxc3 gxh3 44. Bxh3 Re3 45. Bxf5 Bxf5 46. Nxb5 Bc5 47. Kh2
Rh3+ 48. Kg2 Rxb3 0-1

[Event "CCSCSL Inv IM 2014"]
[Site "Saint Louis USA"]
[Date "2014.05.29"]
[Round "3.5"]
[White "Aripov,I"]
[Black "Burnett,R"]
[Result "1/2-1/2"]
[BlackTitle "IM"]
[WhiteElo "2231"]
[BlackElo "2344"]
[WhiteFideId "14202395"]
[BlackFideId "2002159"]
[EventDate "2014.05.28"]

1. d4 Nf6 2. c4 c6 3. Nf3 g6 4. Nc3 d5 5. e3 Bg7 6. Be2 O-O 7. O-O dxc4 8. Bxc4
Bg4 9. h3 Bxf3 10. Qxf3 Nbd7 11. Rd1 e5 12. d5 e4 13. Nxe4 Nxe4 14. Qxe4 Nb6 15.
Rb1 Re8 16. Qd3 cxd5 17. Bb5 Re6 18. Qb3 Qh4 19. Bd2 d4 20. Rbc1 Rd8 21. Rc7 Nd5
22. Rd7 Rxd7 23. Bxd7 dxe3 24. Be1 Bd4 25. fxe3 Bxe3+ 26. Kh1 Qf4 27. Ba5 Rd6
28. Qxb7 Kg7 29. Bb5 Nf6 30. Rxd6 Qxd6 31. Qf3 Bd4 32. Bc3 Bxc3 33. Qxc3 h5 34.
Bc6 h4 35. Kg1 Kh7 36. Bf3 Qb6+ 37. Kf1 g5 38. a4 Ne8 39. Qe5 Qa6+ 40. Kg1 Qxa4
41. Qxg5 Qd4+ 42. Kh1 Nd6 1/2-1/2

[Event "CCSCSL Inv IM 2014"]
[Site "Saint Louis USA"]
[Date "2014.05.29"]
[Round "4.1"]
[White "Young,An"]
[Black "Sharma,Arun1"]
[Result "1/2-1/2"]
[WhiteTitle "IM"]
[WhiteElo "2335"]
[BlackElo "2383"]
[WhiteFideId "5200490"]
[BlackFideId "2008998"]
[EventDate "2014.05.28"]

1. d4 Nf6 2. c4 g6 3. Nf3 Bg7 4. g3 d5 5. Bg2 dxc4 6. Qa4+ Nfd7 7. O-O Nc6 8.
Qxc4 Nb6 9. Qc2 O-O 10. Rd1 Bf5 11. e4 Bg4 12. d5 Bxf3 13. Bxf3 Nd4 14. Qd3 c6
15. Bg2 cxd5 16. Nc3 dxe4 17. Qxe4 e5 18. Qxb7 Rc8 19. Be3 Nc4 20. Nd5 Rb8 21.
Qxa7 Rxb2 22. Bxd4 exd4 23. Rac1 Qa5 24. Qxa5 Nxa5 25. a4 Ra2 26. Nb6 Rd8 27.
Rb1 d3 28. Bd5 Ra3 29. Rb4 Rd6 30. Nc8 Rd8 31. Nb6 Rb8 32. Rb5 Ra1 33. Rxa1 Bxa1
34. Nc4 Rxb5 35. axb5 Nxc4 36. Bxc4 d2 37. Bb3 Bd4 38. Kf1 Bb6 39. Ke2 Kf8 40.
f3 Ba5 41. g4 f6 42. h3 Ke7 43. Bg8 h6 44. Bb3 1/2-1/2

[Event "CCSCSL Inv IM 2014"]
[Site "Saint Louis USA"]
[Date "2014.05.29"]
[Round "4.2"]
[White "Bregadze,L"]
[Black "Aripov,I"]
[Result "1/2-1/2"]
[WhiteTitle "IM"]
[WhiteElo "2428"]
[BlackElo "2231"]
[WhiteFideId "13603264"]
[BlackFideId "14202395"]
[EventDate "2014.05.28"]

1. e4 e6 2. b3 d5 3. Bb2 dxe4 4. Nc3 Nf6 5. Qe2 Bb4 6. O-O-O Nbd7 7. Nxe4 Qe7 8.
Kb1 a5 9. a4 b6 10. Qf3 Rb8 11. Bb5 Nxe4 12. Qxe4 Bb7 13. Qg4 f5 14. Qh5+ g6 15.
Qe2 O-O 16. Bxd7 Qxd7 17. Qe5 Kf7 18. Nh3 Bxg2 19. Ng5+ Ke7 20. Rhe1 Bd5 21.
Nxh7 Rf7 22. Nf6 Rxf6 23. Qxf6+ Kd6 24. c4 Be4+ 25. Rxe4 fxe4 26. Qf4+ Ke7 27.
Qxe4 Rf8 28. d4 g5 29. Qe3 Kd8 30. d5 Kc8 31. Ka2 exd5 32. Rxd5 Qh7 33. Qxg5 Qc2
34. Re5 Kb8 35. Qh5 Rxf2 36. Re8+ Ka7 37. Qh8 Rf1 38. Ra8+ Kb7 39. Qc8+ Kc6 40.
Qe6+ Kb7 41. Qd5+ 1/2-1/2

[Event "CCSCSL Inv IM 2014"]
[Site "Saint Louis USA"]
[Date "2014.05.29"]
[Round "4.3"]
[White "Vibbert,Sean"]
[Black "Burnett,R"]
[Result "0-1"]
[WhiteTitle "FM"]
[BlackTitle "IM"]
[WhiteElo "2316"]
[BlackElo "2344"]
[WhiteFideId "2030292"]
[BlackFideId "2002159"]
[EventDate "2014.05.28"]

1. e4 g6 2. d4 d6 3. Nc3 Bg7 4. f4 a6 5. Nf3 Nd7 6. Bc4 e6 7. a4 Ne7 8. Be3 d5
9. Bb3 dxe4 10. Nxe4 O-O 11. Bf2 b6 12. Qe2 Bb7 13. Neg5 Nf6 14. Nxf7 Rxf7 15.
Bxe6 Ne4 16. Ne5 Bxe5 17. dxe5 Nxf2 18. Qxf2 Nf5 19. Rd1 Qe8 20. Bxf7+ Kxf7 21.
b3 Qc6 22. Rd2 Qe4+ 23. Kd1 Qxg2 24. Qxg2 Bxg2 25. Re1 Bf3+ 26. Kc1 Ke6 27. Rd3
Bc6 28. Rh3 h5 29. Rg1 Ne7 30. Rc3 Rf8 31. Rc4 Bd5 32. Rxc7 Rxf4 33. Rd1 Nf5 34.
Ra7 a5 35. Ra6 Rb4 36. Rg1 Ne7 37. c4 Bb7 38. Ra7 Be4 39. Rxe7+ Kxe7 40. Rg3 Ke6
41. Kd2 Kxe5 42. Kc3 Kf4 43. Rg1 g5 44. Rf1+ Bf3 45. Re1 g4 46. Kc2 Be4+ 47. Kc3
h4 48. Kd4 Bc2 49. Rf1+ Kg5 50. Rf8 Rxb3 0-1

[Event "CCSCSL Inv IM 2014"]
[Site "Saint Louis USA"]
[Date "2014.05.29"]
[Round "4.5"]
[White "Homa,S"]
[Black "Eckert,D"]
[Result "1-0"]
[WhiteTitle "FM"]
[BlackTitle "FM"]
[WhiteElo "2331"]
[BlackElo "2255"]
[WhiteFideId "2031779"]
[BlackFideId "2001993"]
[EventDate "2014.05.28"]

1. d4 Nf6 2. Nf3 e6 3. Bg5 c5 4. e3 cxd4 5. exd4 b6 6. Bd3 Bb7 7. O-O Be7 8. c4
h6 9. Bh4 Bxf3 10. Qxf3 Nc6 11. Nc3 Nxd4 12. Qh3 Rc8 13. Rad1 Kf8 14. f4 g6 15.
Kh1 Nf5 16. Bxf5 gxf5 17. Qd3 Rg8 18. b3 a6 19. Bxf6 Bxf6 20. Na4 d5 21. Qh3 b5
22. cxd5 bxa4 23. dxe6 Qe7 24. exf7 Rg4 25. Qxh6+ Bg7 26. Qxa6 Rd8 27. Rxd8+
Qxd8 28. Qb5 Qe7 29. h3 Rg3 30. Kh2 Rc3 31. Rd1 Rc7 32. Qxf5 axb3 33. axb3 Qxf7
34. Qe4 Qe7 35. Qxe7+ Kxe7 36. Rd3 Rc2 37. Kg3 Bh6 38. Kf3 Rc1 39. g3 Ke6 40.
Kg4 Bf8 41. h4 Rc7 42. h5 Rb7 43. Kf3 Bd6 44. Re3+ Kf6 45. Rc3 Ke6 46. Kg4 Rg7+
47. Kf3 Rb7 48. Rd3 Bb8 49. Kg4 Rg7+ 50. Kh4 Bd6 51. h6 Rh7 52. Kg5 Bf8 53. f5+
Ke7 54. Re3+ Kf7 55. Re6 Be7+ 56. Kh5 Rh8 57. g4 Rg8 58. Rg6 Rb8 59. g5 Rxb3 60.
Rg7+ Kf8 61. Kg6 Bxg5 62. Kxg5 Rg3+ 63. Kf6 Rh3 64. Rg6 Rh1 65. Kg5 Rg1+ 66. Kf4
Rf1+ 67. Kg4 Rg1+ 68. Kf3 Rh1 69. Ra6 Kg8 70. Kf4 Rf1+ 71. Kg5 Rg1+ 72. Kf6 Rh1
73. Ra8+ Kh7 74. Kf7 Rxh6 75. f6 Rh1 76. Ra2 Kh6 77. Rg2 Ra1 78. Rh2+ Kg5 79.
Kg7 Rg1 80. Rh5+ Kxh5+ 1-0

[Event "CCSCSL Inv IM 2014"]
[Site "Saint Louis USA"]
[Date "2014.05.30"]
[Round "5.1"]
[White "Eckert,D"]
[Black "Vibbert,Sean"]
[Result "1-0"]
[WhiteTitle "FM"]
[BlackTitle "FM"]
[WhiteElo "2255"]
[BlackElo "2316"]
[WhiteFideId "2001993"]
[BlackFideId "2030292"]
[EventDate "2014.05.28"]

1. c4 c5 2. g3 g6 3. Bg2 Bg7 4. Nf3 Nf6 5. O-O O-O 6. Nc3 Nc6 7. d4 d5 8. cxd5
Nxd5 9. Nxd5 Qxd5 10. Ne5 Qxd4 11. Nxc6 bxc6 12. Qc2 Bf5 13. e4 Be6 14. Rd1 Qb4
15. Bg5 c4 16. Rab1 Qa5 17. Bxe7 Rfe8 18. Bd6 Qxa2 19. e5 Qa6 20. Ra1 Qb7 21.
Ra5 Rac8 22. Rda1 Bd5 23. Rxa7 Qb6 24. Qd2 Bxg2 25. Kxg2 Bxe5 26. Bxe5 Rxe5 27.
Rxf7 Kxf7 28. Qd7+ Re7 29. Qxc8 c5 30. Qh8 Qb7+ 31. Kg1 h5 32. h4 Qc6 33. Qh7+
Kf8 34. Ra8+ Re8 35. Qh8+ Kf7 36. Ra7+ Ke6 37. Qg7 Kf5 38. Rf7+ Ke4 39. Rf6 Qa8
40. Qxg6+ Kd4 41. Rd6+ Ke5 42. Qf6+ 1-0

[Event "CCSCSL Inv IM 2014"]
[Site "Saint Louis USA"]
[Date "2014.05.30"]
[Round "5.3"]
[White "Sharma,Arun1"]
[Black "Ni,V"]
[Result "1-0"]
[BlackTitle "WIM"]
[WhiteElo "2383"]
[BlackElo "2206"]
[WhiteFideId "2008998"]
[BlackFideId "11602252"]
[EventDate "2014.05.28"]

1. d4 Nf6 2. c4 d6 3. Nc3 e5 4. Nf3 Nbd7 5. g3 g6 6. Bg2 Bg7 7. O-O O-O 8. h3
Re8 9. e4 exd4 10. Nxd4 Nc5 11. Re1 a5 12. Kh2 c6 13. Bf4 Nh5 14. Be3 Nf6 15.
Qc2 Qe7 16. Rad1 Be6 17. b3 a4 18. Bf4 Red8 19. Nd5 Qf8 20. Nc7 Rac8 21. b4 Nh5
22. Bg5 Rd7 23. bxc5 Rcxc7 24. cxd6 Rxd6 25. e5 Rdd7 26. g4 h6 27. Bc1 Bxe5+ 28.
Rxe5 Qd6 29. f4 c5 30. Nxe6 1-0

[Event "CCSCSL Inv IM 2014"]
[Site "Saint Louis USA"]
[Date "2014.05.30"]
[Round "5.4"]
[White "Aripov,I"]
[Black "Young,An"]
[Result "1/2-1/2"]
[BlackTitle "IM"]
[WhiteElo "2231"]
[BlackElo "2335"]
[WhiteFideId "14202395"]
[BlackFideId "5200490"]
[EventDate "2014.05.28"]

1. e4 d6 2. d4 Nf6 3. Nd2 g6 4. Ngf3 Bg7 5. Bd3 O-O 6. O-O Nc6 7. c3 Nh5 8. Re1
e5 9. Nb3 h6 10. Be3 Qf6 11. g3 Re8 12. d5 Nd8 13. Bf1 Qe7 14. Bg2 Nf6 15. Bd2
Bd7 16. c4 Ba4 17. Qe2 c6 18. Bc3 b5 19. Na5 bxc4 20. dxc6 Bxc6 21. Nxc6 Nxc6
22. Qxc4 Rac8 23. Qd3 Nd7 24. Rad1 Bf8 25. b4 Nb6 26. a3 Qe6 27. Nd2 Na4 28. Ba1
Nd4 29. Nf1 Bg7 30. Ne3 Nb6 31. Nd5 Nxd5 32. exd5 Qd7 33. Rc1 Rxc1 34. Rxc1 Rc8 1/2-1/2

[Event "CCSCSL Inv IM 2014"]
[Site "Saint Louis USA"]
[Date "2014.05.30"]
[Round "5.5"]
[White "Burnett,R"]
[Black "Bregadze,L"]
[Result "1/2-1/2"]
[WhiteTitle "IM"]
[BlackTitle "IM"]
[WhiteElo "2344"]
[BlackElo "2428"]
[WhiteFideId "2002159"]
[BlackFideId "13603264"]
[EventDate "2014.05.28"]

1. e4 c5 2. Nf3 d6 3. Bb5+ Bd7 4. Bxd7+ Qxd7 5. O-O Nc6 6. b3 Nf6 7. Re1 e6 8.
Bb2 Be7 9. c4 O-O 10. d4 cxd4 11. Nxd4 a6 12. Nc3 Rfd8 13. Rc1 Nxd4 14. Qxd4 Ne8
15. Na4 Bf6 16. Qd2 Qc6 17. Bc3 Bxc3 18. Rxc3 Rac8 19. f3 h6 20. Rec1 Nf6 21.
Qe3 Qe8 22. Nb6 Rc6 23. Rd1 Qe7 24. b4 Qc7 25. c5 dxc5 26. Rxd8+ Qxd8 27. bxc5
Rc7 28. Rd3 Qe7 29. e5 Nd7 30. Nxd7 Rxd7 31. Rd6 Rc7 32. f4 Rc8 33. h3 Qc7 34.
Kh2 g6 35. f5 exf5 36. e6 Kh7 37. exf7 Qxf7 38. Re6 Rc7 39. a4 Qg7 40. Qe2 Rf7
41. c6 bxc6 42. Qxa6 c5 43. Qc4 1/2-1/2

[Event "CCSCSL Inv IM 2014"]
[Site "Saint Louis USA"]
[Date "2014.05.30"]
[Round "6.1"]
[White "Vibbert,Sean"]
[Black "Bregadze,L"]
[Result "0-1"]
[WhiteTitle "FM"]
[BlackTitle "IM"]
[WhiteElo "2316"]
[BlackElo "2428"]
[WhiteFideId "2030292"]
[BlackFideId "13603264"]
[EventDate "2014.05.28"]

1. c4 Nf6 2. Nc3 e6 3. e4 d5 4. e5 d4 5. exf6 dxc3 6. bxc3 Qxf6 7. Nf3 c5 8. Bd3
Bd7 9. Qe2 Bc6 10. Rb1 Qf4 11. h3 Nd7 12. Bc2 Bxf3 13. gxf3 Qc7 14. d4 Bd6 15.
Be4 Rb8 16. Rg1 g6 17. Bh6 Bf4 18. Bxf4 Qxf4 19. Qe3 Qc7 20. d5 e5 21. Qh6 Qd6
22. Qg7 Ke7 23. Rxb7 Rxb7 24. Qxh8 Qb8 25. Qxb8 Rxb8 26. Kd2 Rb2+ 27. Ke3 Kd6
28. f4 exf4+ 29. Kxf4 Rxf2+ 30. Kg5 Ne5 31. Kh6 Rf4 32. Bg2 Rxc4 33. Rf1 f5 34.
Kxh7 Rxc3 35. Kg7 Rc2 36. Rg1 Rxa2 37. Kf6 Re2 38. Bh1 c4 39. Ra1 c3 40. Ra6+
Kc5 41. Rxa7 c2 42. Rc7+ Kd6 43. Rc3 Rh2 44. h4 Rxh1 45. Rxc2 Rxh4 46. Ra2 Re4
47. Ra5 f4 0-1

[Event "CCSCSL Inv IM 2014"]
[Site "Saint Louis USA"]
[Date "2014.05.30"]
[Round "6.2"]
[White "Young,An"]
[Black "Burnett,R"]
[Result "0-1"]
[WhiteTitle "IM"]
[BlackTitle "IM"]
[WhiteElo "2335"]
[BlackElo "2344"]
[WhiteFideId "5200490"]
[BlackFideId "2002159"]
[EventDate "2014.05.28"]

1. Nf3 Nf6 2. c4 c6 3. b3 g6 4. Bb2 Bg7 5. e3 O-O 6. Be2 d6 7. d4 b5 8. O-O bxc4
9. bxc4 Nbd7 10. Nc3 Rb8 11. Qc2 Qa5 12. Nd2 Ba6 13. Rfb1 e5 14. Nb3 Qc7 15. h3
exd4 16. exd4 Rfe8 17. Re1 Nb6 18. c5 Nc4 19. cxd6 Qxd6 20. Ne4 Nxe4 21. Bxc4
Bxc4 22. Qxc4 Qf4 23. Qc2 Re6 24. Re2 Qf5 25. Qc4 Rbe8 26. Rf1 Bf8 27. Qc1 Bd6
28. Rc2 Bf4 29. Qd1 Ng5 30. Rc3 Re2 31. Bc1 Rxa2 32. d5 cxd5 33. Bxf4 Qxf4 34.
Qxd5 Rxf2 35. Qc4 Nxh3+ 36. Rxh3 Qxc4 37. Rxf2 Re1+ 0-1